000 01121nam a2200253Ia 4500
999 _c38451
_d38451
001 4463
003 GE_BSU
005 20190517160531.0
008 181216s1978|||| |||||||||||||| ||geo||
040 _cGE_BSU
041 _ageo
080 _a532(076) დ–19
100 _aდანელია,ნ.
_91317
245 _aლაბორატორიული პრაქტიკუმი ჰიდრავლიკაში : სახელმძღ. /
_cნ.დანელია ; ა. პაპაშვილი ; თ. ამბროლაძე ; რედ : ე. კირვალიძე.
264 _aთბილისი :
_bსპი,
_c1978.
300 _a120 გვ .:
_c20 სმ.
653 _aლაბორატორიული პრაქტიკუმი ჰიდრავლიკაში
653 _aჰიდრავლიკა
653 _aფიზიკა
700 _aპაპაშვილი,ა
_91255
700 _aამბროლაძე,თ
_91318
700 _aკირვალიძე, ე
_eრედაქტორი
_9492
942 _cBK
_2udc